000 00641nam a2200229Ia 4500
003 OSt
005 20221007071111.0
006 a|||||r|||| 00| 0
007 ta
008 221006b |||||||| |||| 00| 0 eng d
024 _a25,535
037 _cTextual
040 _aFLL
_cFLL
_beng
041 _2eng
_aeng
082 _aV674:2:N5, J6
100 _aKhalidi Ismail Raghib
_9688127
245 0 _aConstitutional development in Libya
260 _aLebanon
_bKhayat's College Book Cooperative
_c1956
300 _axi128p
_ccm.
942 _hV674:2:N5, J6
_cTEXL
_2CC
999 _c1142450
_d1142450